Sarojini Naidu / (Record no. 30546)

MARC details
000 -LEADER
fixed length control field 00925nam a2200253 4500
005 - DATE AND TIME OF LATEST TRANSACTION
control field 20090922123048.0
008 - FIXED-LENGTH DATA ELEMENTS--GENERAL INFORMATION
fixed length control field 700624s1969 ii | b 00| 0beng
010 ## - LCCN (DPL NO)
LC control number B-358125
020 ## - INTERNATIONAL STANDARD BOOK NUMBER
International Standard Book Number 8189696025
Terms of availability 150.00
035 ## - SYSTEM CONTROL NUMBER
System control number B-358125
037 ## - SOURCE OF ACQUISITION
Source of stock number/acquisition DBAD / PUB
040 ## - CATALOGING SOURCE
Original cataloging agency dpl
Language of cataloging English
082 ## - DEWEY DECIMAL CLASSIFICATION NUMBER
Classification number 921
100 ## - MAIN ENTRY--PERSONAL NAME
Personal name Bhatia, Roshi
245 ## - TITLE STATEMENT
Title Sarojini Naidu /
Statement of responsibility, etc by Roshi Bhatia; illustrated by Shankar Nayak
260 ## - PUBLICATION, DISTRIBUTION, ETC. (IMPRINT)
Place of publication, distribution, etc Delhi
Name of publisher, distributor, etc Kala Sahitya Sansthan
Date of publication, distribution, etc 2007
270 ## - ADDRESS
Address 430, First Floor, Maharam Mohalla, Shahdara,
City Delhi
Postal code 110032
300 ## - PHYSICAL DESCRIPTION
Extent 104p. :
Dimensions 22cm(Hb)
Other physical details ill.
650 ## - SUBJECT ADDED ENTRY--TOPICAL TERM
Topical term or geographic name as entry element Naidu, Sarojini
Active dates 1879-1949
650 ## - SUBJECT ADDED ENTRY--TOPICAL TERM
Topical term or geographic name as entry element Woman social reformers
General subdivision Biography
Geographic subdivision India
700 ## - ADDED ENTRY--PERSONAL NAME
Personal name Nayak, Shankar
942 ## - ADDED ENTRY ELEMENTS (KOHA)
Source of classification or shelving scheme Dewey Decimal Classification
Item type Children Books
Classification part 921
Call number suffix NAI
Holdings
Withdrawn status Lost status Source of classification or shelving scheme Damaged status Not for loan Collection code Home library Current library Date acquired Source of acquisition Cost, normal purchase price Total Checkouts Full call number Barcode Date last seen Copy number Cost, replacement price Koha item type
Withdrawn   Dewey Decimal Classification     Non-fiction Janak Puri Janak Puri 22/09/2009 DBAD / PUB 150.00 15 921 NAI B-358125 19/03/2014 1 150.00 Children Books

© Delhi Public Library
Hit Counter
free hit counter